Identification of Hevea Clones: A Manual (Record no. 45106)

MARC details
000 -LEADER
fixed length control field 00426nam a2200145Ia 4500
100 ## - MAIN ENTRY--AUTHOR NAME
Personal name V. C. Mercykutty
245 #0 - TITLE STATEMENT
Title Identification of Hevea Clones: A Manual
260 ## - PUBLICATION, DISTRIBUTION, ETC. (IMPRINT)
Name of publisher Rubber Research Institute of India
Place of publication Kottayam
Year of publication 2002
650 ## - SUBJECT ADDED ENTRY--TOPICAL TERM
Topical Term Crop Improvement
700 ## - ADDED ENTRY--PERSONAL NAME
Personal name C. K. Saraswathyamma
700 ## - ADDED ENTRY--PERSONAL NAME
Personal name Joseph G. Marattukalam
700 ## - ADDED ENTRY--PERSONAL NAME
Personal name T. Meenakumari
942 ## - ADDED ENTRY ELEMENTS (KOHA)
Koha item type Publications
Holdings
Withdrawn status Lost status Damaged status Not for loan Collection code Home library Current library Date acquired Cost, normal purchase price Accession Number Koha item type
      Publications Book publications RRII Library RRII Library 31/12/2021 500.00 BK 6 Publications